Defining the C1 Level in Specialised Domains: "Expert Language Competence" in Business and Management

Výskumný projekt, ktorý prebehol v rámci programu Leonardo da Vinci v troch európskych krajinách. Bol zameraný na jazykovú kompetentnosť v oblasti podnikania a manažmentu. SERR, úroveň C1. Jazyková kompetentnosť, jazyková zručnosť, odborný anglický jazyk.

Saved in:
Bibliographic Details
Main Author: Breeze, Ruth
Other Authors: Šajgalíková, Helena
Format: Book Chapter
Language:English
Subjects:
Tags: Add Tag
No Tags, Be the first to tag this record!

MARC

LEADER 00000naa a2200000 4500
001 0147448
005 20240502083340.9
041 0 |a eng 
044 |a GB 
245 1 0 |a Defining the C1 Level in Specialised Domains: "Expert Language Competence" in Business and Management  |c Ruth Breeze, Helena Šajgalíková 
520 |a Výskumný projekt, ktorý prebehol v rámci programu Leonardo da Vinci v troch európskych krajinách. Bol zameraný na jazykovú kompetentnosť v oblasti podnikania a manažmentu. SERR, úroveň C1. Jazyková kompetentnosť, jazyková zručnosť, odborný anglický jazyk. 
610 2 0 |a jazyk odborný 
610 2 0 |a jazyky cudzie 
610 2 0 |a angličtina 
610 2 0 |a podnikanie 
610 2 0 |a manažment 
610 2 0 |a prieskum 
610 2 0 |a projekty 
100 1 |a Breeze, Ruth 
700 1 |a Šajgalíková, Helena